000 01004nam a2200253 i 4500
001 21592
003 ES-MaACL
005 20250424121631.0
007 t|
008 021126s1873 sp |||| | spa d
080 _a94(469)
100 1 _aAlcalá Galiano, Antonio (hijo)
_919460
245 1 0 _aPortugal, su pasado y su presente :
_blecciones pronunciadas en el Ateneo de Madrid /
_cpor Antonio Alcalá Galiano (hijo).
260 _aMadrid :
_b[s.n.],
_c1873 (
_fImp. de Teodoro Lucuix)
300 _a24 p. ;
_c17 cm.
530 _aDisponible en formato digital.
610 2 4 _aAteneo de Madrid-
_vConferencias-
_yS.XIX.
_91910
651 4 _aPortugal-
_xHistoria.
_96241
852 4 _aES-MaACL
_jT-172-F-8
_q Faltan paginas 15-22
_cDEPOF
_zRevisado enlace: 24 de Abril de 2025
852 4 _aES-MaACL
_j2197-F-2
_cDEPOF
_zRevisado enlace: 24 de Abril de 2025
856 4 _uhttp://bdh-rd.bne.es/viewer.vm?id=0000110938&page=1
_yBiblioteca Digital Hispánica
942 _2udc
999 _c21592
_d21592